00298nam a2200121Ia 4500008004100000082001800041100002000059245004500079250000800124260002700132300000900159650000800168191201s2007 xx 000 0 und d a658.1554bREI aREILLY, Frank K 0aInvestment Analysis Portfolio Management a7th aN.DelhibThomsonc2007 a1162 aMBA